| 000 | 00974cam a2200313 a 4500 | ||
|---|---|---|---|
| 999 |
_c2321 _d2321 |
||
| 001 | 017176856 | ||
| 003 | UkOxU | ||
| 005 | 20230413152004.0 | ||
| 008 | 040420s2004 enka j 000 1 eng | ||
| 015 |
_aGBA4X4461 _2bnb |
||
| 020 | _a0746063245 (cased) : | ||
| 035 | _a(Uk)012876612 | ||
| 035 | _a(UkLCURL)72012876612 | ||
| 038 | _aUk | ||
| 040 |
_aStDuBDS _dUk _dKH8 _cUK |
||
| 042 | _aukblsr | ||
| 049 | _lb | ||
| 082 | 0 | 4 |
_a823.914 DAV _222 |
| 100 | 1 |
_aDavidson, Susanna. _eAuthor |
|
| 245 | 1 | 4 |
_aThe princess and the pea / _cretold by Susanna Davidson ; illustrated by Mike Gordon. |
| 260 |
_aLondon : _bUsborne, _c2004. |
||
| 300 |
_a48 p. : _bcol. ill. ; _c21 cm. |
||
| 500 |
_aFormerly CIP. _5Uk |
||
| 650 | 0 |
_aPrincesses _vJuvenile fiction. |
|
| 655 | 7 |
_aChildren's stories. _2lcsh |
|
| 700 | 1 |
_aAndersen, H. C. _q(Hans Christian), _d1805-1875. _tPrindsessen paa ærten. _lEnglish. |
|
| 700 | 1 |
_aGordon, Mike, _d1948 March 16- _eIllustrator |
|
| 942 |
_2ddc _cFIC |
||